| 000 | 01841nam a2200457Ii 4500 | ||
|---|---|---|---|
| 001 | DIGDYK0384 | ||
| 003 | NyNyDIG | ||
| 008 | 140331t20002000sp ob 000 0 spa d | ||
| 006 | m o d | ||
| 007 | cr ||||||||||| | ||
| 040 |
_aDGITA _beng _erda _epn _cDGITA |
||
| 020 |
_a9788499829920 _q(eBook) |
||
| 020 |
_a8499829929 _q(eBook) |
||
| 020 | _z8481556327 | ||
| 020 | _z9788481556322 | ||
| 035 | _a(OCoLC)827947736 | ||
| 043 | _ae-sp--- | ||
| 050 | 1 | 4 | _aKKT1155 eBook |
| 100 | 1 |
_aSerrano Gómez, Eduardo, _eauthor. |
|
| 245 | 1 | 4 |
_aLos derechos de remuneración de la propiedad intelectual / _cEduardo Serrano Gómez ; prólogo de Ramón Durán Rivacoba. |
| 264 | 1 |
_aMadrid : _bDykinson, S.L., _c[2000] |
|
| 264 | 4 | _c©2000 | |
| 300 | _a1 online resource (294 pages) | ||
| 336 |
_atext _btxt _2rdacontent |
||
| 337 |
_acomputer _bc _2rdamedia |
||
| 338 |
_aonline resource _bcr _2rdacarrier |
||
| 500 | _aBased on the author's thesis (doctoral)--Universidad de Oviedo. | ||
| 504 | _aIncludes bibliographical references (pages [275]-288). | ||
| 588 | 0 | _aOnline resource; title from ePub and PDF title page (Digitalia, viewed April 7, 2014) | |
| 650 | 0 |
_aCopyright _xRoyalties _zSpain. |
|
| 650 | 0 |
_aCopyright _xDroit de suite _zSpain. |
|
| 650 | 0 |
_aIntellectual property _xEconomic aspects _zSpain. |
|
| 655 | 0 | _aElectronic books. | |
| 700 | 1 |
_aDurán Rivacoba, Ramón, _econtributor agent of text. |
|
| 776 | 0 | 8 |
_iPrint version: _aSerrano Gómez, Eduardo. _tDerechos de remuneración de la propiedad intelectual. _dMadrid : Dykinson, 2000 _z8481556327 _w(OCoLC)237392957 |
| 791 | 2 |
_aDigitalia (Firm), _epublisher. |
|
| 793 | 0 |
_gDigitalia eBook Collection: _aDykinson Editorial. |
|
| 856 | 4 | 0 |
_3Digitalia Hispánica _uhttps://www.digitaliapublishing.com/a/7617/ |
| 910 | _aPremium Collection: 2013 | ||
| 942 | _cRAA | ||
| 999 |
_c231765 _d231765 |
||